Minister zahraničných vecí USA Colin L. Powell pred Bezpečnostnou radou OSN Iracké správy o zbraniach sú plné lží
Iracké správy o zbraniach sú plné lží. Chemické zbrane (yperit). Zahladzovanie stôp. Bezhraničná nehumánnosť. Utajené jadrové programy. Aktivity Iraku v jadrovej oblasti.
Na minha lista:
| Formato: | Capítulo de Livro |
|---|---|
| Idioma: | eslovaco |
| Assuntos: | |
| Tags: |
Sem tags, seja o primeiro a adicionar uma tag!
|
MARC
| LEADER | 00000naa a2200000 4500 | ||
|---|---|---|---|
| 001 | r048608 | ||
| 005 | 20230927091640.0 | ||
| 041 | 0 | |a slo | |
| 044 | |a SK | ||
| 245 | 1 | 0 | |a Minister zahraničných vecí USA Colin L. Powell pred Bezpečnostnou radou OSN |b Iracké správy o zbraniach sú plné lží |
| 520 | |a Iracké správy o zbraniach sú plné lží. Chemické zbrane (yperit). Zahladzovanie stôp. Bezhraničná nehumánnosť. Utajené jadrové programy. Aktivity Iraku v jadrovej oblasti. | ||
| 610 | 2 | 0 | |a bezpečnosť |
| 610 | 2 | 0 | |a vojny |
| 610 | 2 | 0 | |a zbrane |
| 610 | 2 | 0 | |a chémia |
| 610 | 2 | 0 | |a rádioaktivita |
| 610 | 2 | 0 | |a Irak |
| 610 | 2 | 0 | |a USA |